| 000 | 00589nam a22001937a 4500 | ||
|---|---|---|---|
| 005 | 20130514152858.0 | ||
| 010 | _aENG-107096 | ||
| 020 |
_a8188652040 _c500.00 |
||
| 035 | _aEN-90629 | ||
| 037 | _bDBAD/PUB | ||
| 082 | _a658.3 | ||
| 100 | _aTiwari, T.D. | ||
| 245 | 1 | 0 |
_aHuman resource management practices : _cby T.D. Tiwari _bconcept and cases / |
| 260 |
_aHaryana _bShanti Prakashan _c2012 |
||
| 270 |
_a1780, Sector-1, Delhi By-pass _bRohtak _e124001 |
||
| 300 |
_a238p. _c22cm(Hb) |
||
| 500 | _aIncludes bibliographical references | ||
| 942 |
_2ddc _cEN _mTIW _h658.3 |
||
| 999 |
_c75329 _d75329 |
||